000
00265nam a2200133Ia 4500
100
_a
Russian
942
_c
BK
654
_a
Lathe
245
_a
Elements of Lathe Work
260
_b
Peace publishers
_c
2001
082
_a
621.9
300
_a
442
546
_a
ENGLISH
999
_c
26349
_d
26349